Television Families A-Z Quiz Stats

 Plays Quiz Updated Oct 9, 2018

Score 0/23 Timer 09:00
1 Play Today
% Correct
Family Guy
94.9%
Game of Thrones
90.3%
Dallas
87.2%
Married... with Children
86.6%
Little House on the Prairie
81.3%
Home Improvement
79%
The Wonder Years
77.3%
Black-ish
76.5%
House of Cards
75.6%
Family Ties
71%
Bonanza
68.8%
Fresh Off the Boat
67.2%
% Correct
Daria
63.7%
Family Matters
60.7%
Six Feet Under
57.9%
Growing Pains
57.2%
My Three Sons
50.5%
Jane the Virgin
43%
The Adventures of Ozzie and Harriet
36.5%
The Wizards of Waverly Place
34.1%
Heroes
28.7%
Desperate Housewives
28%
Arrow
25.6%

You're not logged in!

Compare scores with friends on all Sporcle quizzes.
OR
Log In

Sporcle TV

Today on Sporcle TV


Watch our educational content, quiz creation guides, and fun videos on Sporcle TV.

Show Comments

Extras

Top Quizzes Today


Score Distribution

Your Account Isn't Verified!

In order to create a playlist on Sporcle, you need to verify the email address you used during registration. Go to your Sporcle Settings to finish the process.

Report this User

Report this user for behavior that violates our Community Guidelines.

Details: